Southville International School and Colleges
Your cart is empty.
  • Cart
  • Lists
    Public lists Eva Luna New books Lux_list list_1
    Your lists Log in to create your own lists
  • Log in to your account
  • Your cookies
  • Search history
Southville International School and Colleges
  • Advanced search
  • Recent comments
  • Most popular
  • Libraries

Log in to your account

Log in with GOOGLE


If you do not have an external account, but do have a local account, you can still log in:

  1. Home
  2. MARC view: The H.L Hunley :
Normal view MARC view ISBD view

The H.L Hunley : (Record no. 344639)

[ view plain ]
MARC details
000 -LEADER
fixed length control field 00789nam a2200277Ia 4500
008 - FIXED-LENGTH DATA ELEMENTS--GENERAL INFORMATION
fixed length control field 171025s9999 xx 000 0 und d
020 ## - INTERNATIONAL STANDARD BOOK NUMBER
International Standard Book Number 9780809054602
050 ## - LIBRARY OF CONGRESS CALL NUMBER
Classification number 973.7
050 ## - LIBRARY OF CONGRESS CALL NUMBER
Item number C433 2008
100 ## - MAIN ENTRY--PERSONAL NAME
Personal name Chaffin, Tom
245 #4 - TITLE STATEMENT
Title The H.L Hunley :
245 ## - TITLE STATEMENT
Remainder of title the secret hope of the confederacy /
245 ## - TITLE STATEMENT
Statement of responsibility, etc by Tom Chaffin.
260 ## - PUBLICATION, DISTRIBUTION, ETC. (IMPRINT)
Place of publication, distribution, etc New York :
260 ## - PUBLICATION, DISTRIBUTION, ETC. (IMPRINT)
Name of publisher, distributor, etc Hill and Wang,
260 ## - PUBLICATION, DISTRIBUTION, ETC. (IMPRINT)
Date of publication, distribution, etc 2008
300 ## - PHYSICAL DESCRIPTION
Extent xxvii, 324 pages :
300 ## - PHYSICAL DESCRIPTION
Other physical details illustrations ;
300 ## - PHYSICAL DESCRIPTION
Dimensions 21cm.
500 ## - GENERAL NOTE
General note Includes notes, bibliographic reference and index.
650 ## - SUBJECT ADDED ENTRY--TOPICAL TERM
Topical term or geographic name as entry element Confederate States of America. Navy -- History.
650 ## - SUBJECT ADDED ENTRY--TOPICAL TERM
Topical term or geographic name as entry element Excavations (Archeology) --
650 ## - SUBJECT ADDED ENTRY--TOPICAL TERM
Topical term or geographic name as entry element H. L. Hunley (Submarine).
650 ## - SUBJECT ADDED ENTRY--TOPICAL TERM
General subdivision South Carolina -- Charleston.
700 ## - ADDED ENTRY--PERSONAL NAME
Personal name Title.
Holdings
Withdrawn status Lost status Damaged status Home library Current library Date acquired Total Checkouts Full call number Barcode Date last seen Price effective from Koha item type
      Stonyhurst Southville International School (Malarayat) Stonyhurst Southville International School (Malarayat) 10/25/2017   NF 973.7 C433 2008 SSISM3692 10/25/2017 10/25/2017 Books

The H.L Hunley :

APA

Chaffin T., Title, .The H.L Hunley. New York: .

Chicago

Chaffin Tom, Title, .The H.L Hunley. New York: .

Harvard

Chaffin T., Title, .The H.L Hunley. New York: .

MLA

Chaffin Tom, Title, .New York: . .

  • Place hold
  • Print
  • Cite
  • Add to your cart (remove)
  • Save record
    BIBTEX Dublin Core MARCXML MARC (non-Unicode/MARC-8) MARC (Unicode/UTF-8) MARC (Unicode/UTF-8, Standard) MODS (XML) RIS
  • More searches
    Search for this title in:
    Other Libraries (WorldCat) Other Databases (Google Scholar) Online Stores (Bookfinder.com) Open Library (openlibrary.org)

Exporting to Dublin Core...

SOUTHVILLE LIBRARY

Southville International School and Colleges Library

1281 Tropical Ave. Cor. Luxembourg St., BF Homes International, Las Pinas City

Tel. No. 8256374 / 252358 Loc. 117/146

Powered by Koha